ბათუმის შოთა რუსთაველის სახელმწიფო უნივერსიტეტის ბიბლიოთეკა

მეცხენის ცნობარი (ბიბ.ჩანაწერი № 45001)

000 -LEADER
fixed length control field 00862nam a2200241Ia 4500
001 - CONTROL NUMBER
control field 11822
003 - CONTROL NUMBER IDENTIFIER
control field GE_BSU
008 - FIXED-LENGTH DATA ELEMENTS--GENERAL INFORMATION
fixed length control field 181216s||||||||xx |||||||||||||| ||und||
040 ## - CATALOGING SOURCE
Transcribing agency GE_BSU
080 ## - UNIVERSAL DECIMAL CLASSIFICATION NUMBER
Universal Decimal Classification number 636.1(035)
100 ## - MAIN ENTRY--PERSONAL NAME
Personal name პოპოვი,ბ.ნ. მ.ი. როგალევიჩი, ე.ვ. კოჟევნიკოვი, დ.მ. ტეტერნიკი
245 ## - TITLE STATEMENT
Title მეცხენის ცნობარი
245 ## - TITLE STATEMENT
Statement of responsibility, etc. რედ. დ.აგლაძე
250 ## - EDITION STATEMENT
Edition statement მეორე გადამუშ.
260 ## - PUBLICATION, DISTRIBUTION, ETC.
Place of publication, distribution, etc. თბილისი
260 ## - PUBLICATION, DISTRIBUTION, ETC.
Name of publisher, distributor, etc. სახელგამი
260 ## - PUBLICATION, DISTRIBUTION, ETC.
Date of publication, distribution, etc. 1953
300 ## - PHYSICAL DESCRIPTION
Extent 455გვ.22სმ.
300 ## - PHYSICAL DESCRIPTION
Other physical details ილ.ცხრ.
653 ## - INDEX TERM--UNCONTROLLED
Uncontrolled term მეცხენეობა - ცნობარები;
653 ## - INDEX TERM--UNCONTROLLED
Uncontrolled term მეცხენის ცნობარი
942 ## - ADDED ENTRY ELEMENTS (KOHA)
Koha item type წიგნი
ეგზემპლარები
Withdrawn status Lost status Damaged status Not for loan Date acquired Barcode Date last seen Price effective from Koha item type
        2018-12-17 20356 2018-12-17 2018-12-17 წიგნი
        2018-12-17 20357 2018-12-17 2018-12-17 წიგნი